[Event "Titled Tuesday intern op 28th Dec"]
[Site "Chess.com INT"]
[Date "2021.12.28"]
[Round "8"]
[White "Pastar, Slaven"]
[Black "Agasarov, Benik"]
[Result "0-1"]
[WhiteElo "2337"]
[BlackElo "2205"]
[PlyCount "66"]
[EventDate "2021.12.28"]
[EventType "swiss (blitz)"]
[EventRounds "11"]
[EventCountry "USA"]
[SourceTitle "CBM 206 Extra"]
[Source "ChessBase"]
[SourceDate "2022.03.31"]
[SourceVersion "1"]
[SourceVersionDate "2022.03.31"]
[SourceQuality "1"]

1. b3 g6 2. Bb2 Nf6 3. Nf3 Bg7 4. e4 d6 5. Bd3 O-O 6. O-O c5 7. Re1 Nc6 8. e5 Nd7 9. Nc3 Ndxe5 10. Nxe5 Nxe5 11. Bf1 Bg4 12. Qc1 h5 13. Ne4 h4 14. Nxc5 h3 15. Ne4 Rc8 16. Bxe5 Bxe5 17. c3 Qd7 18. g3 Qf5 19. Qb1 d5 20. d4 Bg7 21. Nc5 Qf3 22. Re3 Qf6 23. Nxb7 Bh6 24. f4 Rxc3 25. Re5 Qb6 26. Nc5 Rxc5 27. Qd3 Rc7 28. Rae1 e6 29. f5 Bxf5 30. Qe2 Qxd4+ 31. Qf2 Qxf2+ 32. Kxf2 Rc2+ 33. Be2 Bg7 0-1

[Event "Titled Tuesday intern op 28th Dec"]
[Site "Chess.com INT"]
[Date "2021.12.28"]
[Round "8"]
[White "Pershina, Elena"]
[Black "Mayaud, Raphael"]
[Result "0-1"]
[WhiteElo "2114"]
[BlackElo "2216"]
[PlyCount "96"]
[EventDate "2021.12.28"]
[EventType "swiss (blitz)"]
[EventRounds "11"]
[EventCountry "USA"]
[SourceTitle "CBM 206 Extra"]
[Source "ChessBase"]
[SourceDate "2022.03.31"]
[SourceVersion "1"]
[SourceVersionDate "2022.03.31"]
[SourceQuality "1"]

1. e4 d5 2. exd5 Qxd5 3. Nc3 Qa5 4. d4 c6 5. Nf3 Nf6 6. Be2 Bg4 7. O-O e6 8. Be3 Nbd7 9. a3 Be7 10. h3 Bh5 11. Re1 O-O 12. Ng5 Bxe2 13. Qxe2 h6 14. Nf3 Rfe8 15. Rad1 Rad8 16. Bc1 Qc7 17. Ne5 Nxe5 18. dxe5 Nd5 19. Nxd5 Rxd5 20. Rxd5 cxd5 21. Qg4 Kh7 22. c3 Qc4 23. f4 g6 24. Kh2 Qd3 25. Be3 a6 26. Bd4 b5 27. Re3 Qf5 28. Qf3 h5 29. Re2 Kg7 30. Qg3 Rc8 31. Rf2 Bc5 32. Qe3 Bxd4 33. cxd4 Rc4 34. Rd2 Qb1 35. Qb3 Qe4 36. Qg3 Rxd4 37. Rf2 Qf5 38. Qe3 Rd3 39. Qc1 Qe4 40. Qc7 Qf5 41. Qd8 Rd4 42. Qh4 a5 43. b3 Re4 44. a4 Rd4 45. Qg3 Rd3 46. axb5 Rxg3 47. Kxg3 Qd3+ 48. Kh2 Qxb5 0-1

[Event "Titled Tuesday intern op 28th Dec"]
[Site "Chess.com INT"]
[Date "2021.12.28"]
[Round "8"]
[White "Quirke, Jeffrey"]
[Black "Lossi C, Cyrano Jose"]
[Result "1/2-1/2"]
[WhiteElo "2086"]
[BlackElo "2042"]
[PlyCount "46"]
[EventDate "2021.12.28"]
[EventType "swiss (blitz)"]
[EventRounds "11"]
[EventCountry "USA"]
[SourceTitle "CBM 206 Extra"]
[Source "ChessBase"]
[SourceDate "2022.03.31"]
[SourceVersion "1"]
[SourceVersionDate "2022.03.31"]
[SourceQuality "1"]

1. d4 d5 2. c4 c6 3. Nc3 Nf6 4. e3 e6 5. Nf3 Be7 6. Bd3 dxc4 7. Bxc4 Nbd7 8. O-O O-O 9. e4 Nb6 10. Bd3 c5 11. e5 Nfd5 12. Ne4 cxd4 13. Nfg5 h6 14. Qh5 Nb4 15. Bb1 d3 16. Nf3 Qd5 17. Nc3 Qd7 18. Bxh6 gxh6 19. Qxh6 f5 20. Qg6+ Kh8 21. Qh6+ Kg8 22. Qg6+ Kh8 23. Qh6+ Kg8 1/2-1/2

[Event "Titled Tuesday intern op 28th Dec"]
[Site "Chess.com INT"]
[Date "2021.12.28"]
[Round "8"]
[White "Ramirez, Vido Robert"]
[Black "Novikov, Evgenij"]
[Result "0-1"]
[WhiteElo "2104"]
[BlackElo "2276"]
[PlyCount "30"]
[EventDate "2021.12.28"]
[EventType "swiss (blitz)"]
[EventRounds "11"]
[EventCountry "USA"]
[SourceTitle "CBM 206 Extra"]
[Source "ChessBase"]
[SourceDate "2022.03.31"]
[SourceVersion "1"]
[SourceVersionDate "2022.03.31"]
[SourceQuality "1"]

1. Nf3 d6 2. e4 c6 3. Nc3 Qc7 4. d4 e5 5. Be3 Be7 6. Bc4 Nf6 7. dxe5 dxe5 8. a4 b6 9. O-O O-O 10. Qe2 a5 11. Rad1 Ba6 12. Rd2 Bb4 13. Bxa6 Bxc3 14. Qc4 Bxd2 15. Nxd2 Nxa6 0-1

[Event "Titled Tuesday intern op 28th Dec"]
[Site "Chess.com INT"]
[Date "2021.12.28"]
[Round "8"]
[White "Reprintsev, Alexander"]
[Black "Gazis, Efstathios"]
[Result "1-0"]
[WhiteElo "2353"]
[BlackElo "2141"]
[PlyCount "49"]
[EventDate "2021.12.28"]
[EventType "swiss (blitz)"]
[EventRounds "11"]
[EventCountry "USA"]
[SourceTitle "CBM 206 Extra"]
[Source "ChessBase"]
[SourceDate "2022.03.31"]
[SourceVersion "1"]
[SourceVersionDate "2022.03.31"]
[SourceQuality "1"]

1. e4 e6 2. Qe2 d5 3. exd5 Qxd5 4. Nc3 Qd6 5. Nf3 a6 6. d4 Nf6 7. Bg5 Nbd7 8. O-O-O b5 9. d5 e5 10. Bxf6 gxf6 11. Ne4 Qb6 12. Nh4 Bb7 13. Nf5 Nc5 14. f3 O-O-O 15. b4 Nxe4 16. fxe4 Bxb4 17. Qf3 Qa5 18. Qb3 Rd7 19. Be2 Rhd8 20. Ne3 c6 21. Bg4 Kc7 22. Bxd7 Rxd7 23. dxc6 Bxc6 24. Rxd7+ Bxd7 25. Nd5+ 1-0

[Event "Titled Tuesday intern op 28th Dec"]
[Site "Chess.com INT"]
[Date "2021.12.28"]
[Round "8"]
[White "Rodchenkov, Sergey D"]
[Black "Ingebretsen, Jens E"]
[Result "1-0"]
[WhiteElo "2346"]
[BlackElo "2309"]
[PlyCount "93"]
[EventDate "2021.12.28"]
[EventType "swiss (blitz)"]
[EventRounds "11"]
[EventCountry "USA"]
[SourceTitle "CBM 206 Extra"]
[Source "ChessBase"]
[SourceDate "2022.03.31"]
[SourceVersion "1"]
[SourceVersionDate "2022.03.31"]
[SourceQuality "1"]

1. e4 e5 2. Nf3 Nc6 3. Bc4 Bc5 4. d3 Nf6 5. O-O O-O 6. Re1 d6 7. c3 a6 8. Bg5 h6 9. Bh4 Ba7 10. Bb3 Be6 11. Nbd2 Re8 12. Bxe6 Rxe6 13. Qb3 Qc8 14. Nc4 Nd7 15. Ne3 g6 16. Rad1 Nf6 17. Nd5 Ne8 18. d4 Na5 19. Qa4 Nc6 20. h3 g5 21. Bg3 f6 22. Qc2 Qd7 23. Ne3 exd4 24. cxd4 Re7 25. Nf5 Rh7 26. e5 Ng7 27. Qb3+ Kh8 28. e6 Qc8 29. Nxg7 Rxg7 30. d5 Ne7 31. Qc3 Qf8 32. Qxc7 Nf5 33. e7 Qe8 34. Bxd6 Bb8 35. Qd8 Bxd6 36. Qxa8 Rg8 37. Qxe8 Rxe8 38. Re6 Kg7 39. g4 Nxe7 40. Rxd6 Ng6 41. Nd4 Nf4 42. Nf5+ Kg6 43. Rd7 Nh5 44. Rc1 Rg8 45. Rcc7 Re8 46. Rg7+ Nxg7 47. Rxg7# 1-0

[Event "Titled Tuesday intern op 28th Dec"]
[Site "Chess.com INT"]
[Date "2021.12.28"]
[Round "8"]
[White "Ronka, Erik"]
[Black "Zong, Davis Jr"]
[Result "0-1"]
[WhiteElo "2345"]
[BlackElo "2141"]
[PlyCount "70"]
[EventDate "2021.12.28"]
[EventType "swiss (blitz)"]
[EventRounds "11"]
[EventCountry "USA"]
[SourceTitle "CBM 206 Extra"]
[Source "ChessBase"]
[SourceDate "2022.03.31"]
[SourceVersion "1"]
[SourceVersionDate "2022.03.31"]
[SourceQuality "1"]

1. d4 Nf6 2. Nf3 d5 3. g3 Bg4 4. Bg2 Nbd7 5. O-O e6 6. c4 Be7 7. Qb3 Qc8 8. Nc3 c6 9. Ne5 Nxe5 10. dxe5 Nd7 11. cxd5 Nxe5 12. f4 Nd7 13. dxc6 bxc6 14. h3 Bf5 15. e4 Nc5 16. Qc4 Bg6 17. f5 exf5 18. exf5 Bxf5 19. Rxf5 Qxf5 20. Bxc6+ Nd7 21. Bxa8 Qxh3 22. Qc8+ Bd8 23. Bf4 O-O 24. Bg2 Bb6+ 25. Kf1 Qh2 26. Qc6 Qg1+ 27. Ke2 Qxa1 28. Qxd7 Rd8 29. Qb5 Qg1 30. Kf3 Qf2+ 31. Kg4 Qxg2 32. Bg5 Rd4+ 33. Bf4 h5+ 34. Kf5 Qh3+ 35. Ke5 Qe6# 0-1

[Event "Titled Tuesday intern op 28th Dec"]
[Site "Chess.com INT"]
[Date "2021.12.28"]
[Round "8"]
[White "Rostovtsev, Dmitry"]
[Black "Potapova, Margarita"]
[Result "1-0"]
[WhiteElo "2188"]
[BlackElo "2257"]
[PlyCount "116"]
[EventDate "2021.12.28"]
[EventType "swiss (blitz)"]
[EventRounds "11"]
[EventCountry "USA"]
[SourceTitle "CBM 206 Extra"]
[Source "ChessBase"]
[SourceDate "2022.03.31"]
[SourceVersion "1"]
[SourceVersionDate "2022.03.31"]
[SourceQuality "1"]

1. d4 Nf6 2. c4 e6 3. Nf3 d5 4. Nc3 Bb4 5. g3 dxc4 6. Bg2 b5 7. O-O Bxc3 8. bxc3 O-O 9. a4 c6 10. Qc2 Nd5 11. e4 Nb6 12. e5 h6 13. h4 Nd5 14. Nh2 f5 15. exf6 Qxf6 16. Be4 e5 17. dxe5 Qxe5 18. Re1 Qf6 19. axb5 Be6 20. bxc6 Nxc6 21. Ra6 Rac8 22. Ng4 Bxg4 23. Bxd5+ Kh8 24. Bf4 Rfd8 25. Bxc4 Bf3 26. Be2 Bd5 27. c4 Bf7 28. Qe4 Bg6 29. Qf3 Nd4 30. Qa3 Nxe2+ 31. Rxe2 Rd1+ 32. Kh2 Qf5 33. Qe7 Qb1 34. Kg2 Rg1+ 35. Kf3 Rh1 36. Rxg6 Qxg6 37. Qe6 Kh7 38. Qxc8 Qd3+ 39. Re3 Qd1+ 40. Ke4 Qc2+ 41. Ke5 Rd1 42. Qf5+ Qxf5+ 43. Kxf5 Rc1 44. Re4 Rc2 45. Be3 a5 46. c5 Rb2 47. Ra4 Rb5 48. Ke5 g5 49. hxg5 hxg5 50. Kd5 Rb1 51. Rxa5 Rd1+ 52. Ke5 Kg6 53. c6 g4 54. c7 Kf7 55. c8=Q Rc1 56. Qxc1 Kg6 57. Qc6+ Kf7 58. Ra7+ Kf8 1-0

[Event "Titled Tuesday intern op 28th Dec"]
[Site "Chess.com INT"]
[Date "2021.12.28"]
[Round "8"]
[White "Ruiz Aguilar, Pablo Alexander"]
[Black "Bilan, Danila"]
[Result "0-1"]
[WhiteElo "2171"]
[BlackElo "2303"]
[PlyCount "86"]
[EventDate "2021.12.28"]
[EventType "swiss (blitz)"]
[EventRounds "11"]
[EventCountry "USA"]
[SourceTitle "CBM 206 Extra"]
[Source "ChessBase"]
[SourceDate "2022.03.31"]
[SourceVersion "1"]
[SourceVersionDate "2022.03.31"]
[SourceQuality "1"]

1. e4 c6 2. d4 d5 3. exd5 cxd5 4. c4 Nf6 5. Nc3 Nc6 6. Bg5 e6 7. Nf3 Be7 8. c5 Ne4 9. Bxe7 Nxc3 10. Bxd8 Nxd1 11. Rxd1 Kxd8 12. Bb5 Bd7 13. Bxc6 Bxc6 14. Kd2 f6 15. Rhe1 Re8 16. Kc3 Kd7 17. b4 Re7 18. Rb1 a6 19. Re3 Rae8 20. Rbe1 Bb5 21. a3 g5 22. h3 h5 23. g3 g4 24. hxg4 hxg4 25. Nh4 Rg7 26. Nf5 Rg5 27. Nd6 Re7 28. Nxb7 Rf5 29. Nd6 Rxf2 30. Nxb5 axb5 31. R1e2 Rf1 32. Re1 Rf2 33. R1e2 Rf5 34. Kb3 e5 35. Kc3 e4 36. Rh2 Rf3 37. Kd2 f5 38. Rh6 Rg7 39. Rd6+ Kc7 40. Rxd5 f4 41. gxf4 g3 42. Rxe4 g2 43. Re1 Rf1 0-1

[Event "Titled Tuesday intern op 28th Dec"]
[Site "Chess.com INT"]
[Date "2021.12.28"]
[Round "8"]
[White "Shuvalov, Evgenij"]
[Black "Andersson, Bjorn2"]
[Result "1-0"]
[WhiteElo "2182"]
[BlackElo "2129"]
[PlyCount "115"]
[EventDate "2021.12.28"]
[EventType "swiss (blitz)"]
[EventRounds "11"]
[EventCountry "USA"]
[SourceTitle "CBM 206 Extra"]
[Source "ChessBase"]
[SourceDate "2022.03.31"]
[SourceVersion "1"]
[SourceVersionDate "2022.03.31"]
[SourceQuality "1"]

1. Nf3 c5 2. c4 Nc6 3. d4 cxd4 4. Nxd4 g6 5. e4 Bg7 6. Be3 d6 7. Nc3 Nf6 8. Be2 O-O 9. O-O Bd7 10. f3 Qa5 11. Qd2 Rfc8 12. Rfc1 h5 13. Rab1 Qd8 14. b4 Kh7 15. Bf1 Ne5 16. Nd1 h4 17. Nf2 Nh5 18. Be2 h3 19. g3 Nc6 20. Nb3 Nf6 21. Bf1 Ne5 22. Be2 Be6 23. c5 Bxb3 24. axb3 dxc5 25. bxc5 Qxd2 26. Bxd2 Nfd7 27. Be3 Nc6 28. Rd1 Nf6 29. b4 a5 30. bxa5 Nxa5 31. Nxh3 Kg8 32. Nf2 Ne8 33. Bb5 Nc7 34. Bd7 Rd8 35. Bg5 Kf8 36. Bf4 e5 37. Bg5 f6 38. Be3 Ke7 39. Bh3 Rxd1+ 40. Rxd1 Rd8 41. Rxd8 Kxd8 42. Nd3 Na6 43. Be6 Bf8 44. Bf7 g5 45. Bd5 Kc7 46. h4 gxh4 47. gxh4 Nc6 48. h5 Nd4 49. Kf2 f5 50. Nxe5 Nc2 51. Ng6 Bg7 52. h6 Bxh6 53. Bxh6 Nxc5 54. exf5 Kd6 55. Be4 Nd4 56. Bf8+ Kd7 57. Bxc5 Nxf5 58. Bxf5+ 1-0

[Event "Titled Tuesday intern op 28th Dec"]
[Site "Chess.com INT"]
[Date "2021.12.28"]
[Round "8"]
[White "Szabo, Marcell"]
[Black "Nagy, Gabor"]
[Result "0-1"]
[WhiteElo "1895"]
[BlackElo "2527"]
[PlyCount "124"]
[EventDate "2021.12.28"]
[EventType "swiss (blitz)"]
[EventRounds "11"]
[EventCountry "USA"]
[SourceTitle "CBM 206 Extra"]
[Source "ChessBase"]
[SourceDate "2022.03.31"]
[SourceVersion "1"]
[SourceVersionDate "2022.03.31"]
[SourceQuality "1"]

1. e4 c5 2. Nf3 d6 3. Bb5+ Bd7 4. c4 Nf6 5. Nc3 g6 6. d3 Bg7 7. O-O O-O 8. h3 Bc8 9. Bg5 a6 10. Ba4 h6 11. Be3 Nc6 12. Qd2 Kh7 13. Nd5 Rb8 14. Rae1 b5 15. Bc2 bxc4 16. dxc4 Rxb2 17. e5 Nxd5 18. cxd5 Bf5 19. dxc6 Rxc2 20. Qd1 dxe5 21. Qxd8 Rxd8 22. Rc1 Rc8 23. Rxc2 Bxc2 24. Rc1 Be4 25. Rxc5 Rxc6 26. Ra5 Bxf3 27. gxf3 g5 28. Kg2 Kg6 29. Kf1 f5 30. Ke2 e6 31. a3 h5 32. Bd2 Bf6 33. Bb4 e4 34. fxe4 fxe4 35. Ke3 Bd8 36. Re5 Bb6+ 37. Kxe4 Bxf2 38. Bd2 Bh4 39. Ra5 g4 40. hxg4 hxg4 41. Ra4 Bg5 42. Ba5 Rc2 43. Bb6 g3 44. Rxa6 Rc6 45. Kf3 Bd8 46. Kxg3 Rxb6 47. Ra8 Bc7+ 48. Kf3 Kf5 49. Ke3 Be5 50. a4 Rb3+ 51. Ke2 Ra3 52. a5 Ke4 53. a6 Ra2+ 54. Kd1 Kd3 55. Ke1 Bd4 56. Kf1 e5 57. a7 Bxa7 58. Rh8 e4 59. Rh3+ Be3 60. Rh8 Rf2+ 61. Ke1 Rg2 62. Rh1 Ra2 0-1

[Event "Titled Tuesday intern op 28th Dec"]
[Site "Chess.com INT"]
[Date "2021.12.28"]
[Round "8"]
[White "Taboas Rodriguez, Daniel"]
[Black "Sevgi, Volkan"]
[Result "0-1"]
[WhiteElo "2367"]
[BlackElo "2344"]
[PlyCount "56"]
[EventDate "2021.12.28"]
[EventType "swiss (blitz)"]
[EventRounds "11"]
[EventCountry "USA"]
[SourceTitle "CBM 206 Extra"]
[Source "ChessBase"]
[SourceDate "2022.03.31"]
[SourceVersion "1"]
[SourceVersionDate "2022.03.31"]
[SourceQuality "1"]

1. d4 f5 2. Bg5 h6 3. Bh4 g5 4. e4 Rh7 5. Bc4 e6 6. exf5 gxh4 7. Qh5+ Rf7 8. Nf3 Nc6 9. O-O Nf6 10. Qg6 Ne7 11. fxe6 Nxg6 12. exf7+ Ke7 13. Re1+ Kd6 14. Nc3 c6 15. Ne5 Ne7 16. Re3 Kc7 17. Rae1 d6 18. Ng6 Nxg6 19. Re8 Bf5 20. Rxd8 Rxd8 21. Re3 d5 22. Rf3 Ne7 23. Bd3 Bxd3 24. Rxf6 Bxc2 25. Ne2 Bg7 26. Re6 Kd7 27. Nf4 Bf5 28. Re3 Rf8 0-1

[Event "Titled Tuesday intern op 28th Dec"]
[Site "Chess.com INT"]
[Date "2021.12.28"]
[Round "8"]
[White "Urazayev, Arystanbek"]
[Black "Srihari, LR."]
[Result "1-0"]
[WhiteElo "2437"]
[BlackElo "2400"]
[PlyCount "63"]
[EventDate "2021.12.28"]
[EventType "swiss (blitz)"]
[EventRounds "11"]
[EventCountry "USA"]
[SourceTitle "CBM 206 Extra"]
[Source "ChessBase"]
[SourceDate "2022.03.31"]
[SourceVersion "1"]
[SourceVersionDate "2022.03.31"]
[SourceQuality "1"]

1. Nf3 d5 2. e3 c5 3. c4 e6 4. b3 Nc6 5. Bb2 Nf6 6. cxd5 exd5 7. Bb5 Bd7 8. O-O Bd6 9. d4 O-O 10. dxc5 Bxc5 11. Nc3 a6 12. Be2 Bg4 13. Rc1 Bd6 14. h3 Bh5 15. Nd4 Bxe2 16. Ncxe2 Rc8 17. Nxc6 bxc6 18. Nd4 Qd7 19. Qd3 Ne4 20. Qxa6 c5 21. Qb5 Qc7 22. Nf5 Be5 23. Qe2 Rfe8 24. Rfd1 Ra8 25. Rxd5 Bh2+ 26. Kf1 Rxa2 27. Nxg7 Rd8 28. Qg4 Nxf2 29. Kxf2 Rxb2+ 30. Kf1 Rxd5 31. Ne6+ Kh8 32. Qg7# 1-0

[Event "Titled Tuesday intern op 28th Dec"]
[Site "Chess.com INT"]
[Date "2021.12.28"]
[Round "8"]
[White "Walentukiewicz, Michal"]
[Black "Tanenbaum, Zachary Chen"]
[Result "0-1"]
[WhiteElo "2094"]
[BlackElo "2146"]
[PlyCount "40"]
[EventDate "2021.12.28"]
[EventType "swiss (blitz)"]
[EventRounds "11"]
[EventCountry "USA"]
[SourceTitle "CBM 206 Extra"]
[Source "ChessBase"]
[SourceDate "2022.03.31"]
[SourceVersion "1"]
[SourceVersionDate "2022.03.31"]
[SourceQuality "1"]

1. e4 e5 2. Nf3 Nc6 3. Bb5 a6 4. Ba4 d6 5. c3 Nf6 6. Bc2 d5 7. exd5 Qxd5 8. d3 Bc5 9. O-O Bf5 10. Be3 O-O-O 11. Bxc5 Qxc5 12. Qe2 Qb5 13. Na3 Qxb2 14. Nc4 Qxc3 15. Ncxe5 Rhe8 16. Rfe1 Bg4 17. Rab1 Rxe5 18. Qd1 Bxf3 19. gxf3 Rxe1+ 20. Qxe1 Qxc2 0-1

[Event "Titled Tuesday intern op 28th Dec"]
[Site "Chess.com INT"]
[Date "2021.12.28"]
[Round "8"]
[White "Weetik, Vjacheslav"]
[Black "Moskalenko, Alexander"]
[Result "0-1"]
[WhiteElo "2423"]
[BlackElo "2514"]
[PlyCount "78"]
[EventDate "2021.12.28"]
[EventType "swiss (blitz)"]
[EventRounds "11"]
[EventCountry "USA"]
[SourceTitle "CBM 206 Extra"]
[Source "ChessBase"]
[SourceDate "2022.03.31"]
[SourceVersion "1"]
[SourceVersionDate "2022.03.31"]
[SourceQuality "1"]

1. d4 g6 2. e4 Bg7 3. Nf3 c6 4. Nc3 d5 5. Bf4 dxe4 6. Nxe4 Nf6 7. Nxf6+ exf6 8. Bc4 Qe7+ 9. Qe2 Qxe2+ 10. Kxe2 Be6 11. Bb3 a5 12. Rhe1 a4 13. Bxe6 fxe6 14. Kf1 Kf7 15. Rad1 g5 16. Bd2 h5 17. c4 Nd7 18. Bb4 Nb6 19. b3 Rhd8 20. Nd2 f5 21. Nf3 Bf6 22. Bc5 Nd7 23. Bd6 axb3 24. axb3 g4 25. Ne5+ Nxe5 26. dxe5 Be7 27. c5 Ra3 28. Rd3 Bg5 29. Red1 Ke8 30. h3 Rda8 31. hxg4 hxg4 32. g3 Ra2 33. Kg2 Re2 34. Bc7 Raa2 35. Rf1 Be7 36. Bd6 Bg5 37. Bc7 Be3 38. Rd8+ Kf7 39. Bd6 Bxf2 0-1

[Event "Titled Tuesday intern op 28th Dec"]
[Site "Chess.com INT"]
[Date "2021.12.28"]
[Round "8"]
[White "Yakubboev, Nodirbek"]
[Black "Rakhmanov, Alexander"]
[Result "1-0"]
[WhiteElo "2630"]
[BlackElo "2640"]
[PlyCount "91"]
[EventDate "2021.12.28"]
[EventType "swiss (blitz)"]
[EventRounds "11"]
[EventCountry "USA"]
[SourceTitle "CBM 206 Extra"]
[Source "ChessBase"]
[SourceDate "2022.03.31"]
[SourceVersion "1"]
[SourceVersionDate "2022.03.31"]
[SourceQuality "1"]

1. e4 c5 2. Nf3 Nf6 3. e5 Nd5 4. Nc3 Nxc3 5. dxc3 Nc6 6. Bf4 Qb6 7. b3 e6 8. h4 h6 9. Nd2 Qc7 10. Nc4 b6 11. Qg4 g6 12. O-O-O Ba6 13. Nd6+ Bxd6 14. exd6 Qc8 15. c4 Qd8 16. Bd3 Qf6 17. Kb1 Bb7 18. Rhe1 O-O-O 19. Be4 Qg7 20. Qg3 Rhg8 21. Rh1 f5 22. Bxc6 Bxc6 23. Be5 f4 24. Bxf4 g5 25. hxg5 hxg5 26. Be5 Qg6 27. f3 Rdf8 28. Rd2 Rf7 29. Kb2 Rh7 30. Qe1 Rxh1 31. Qxh1 g4 32. f4 g3 33. a3 Qe4 34. Qd1 Kb7 35. Re2 Qh7 36. Qe1 a6 37. b4 Ka8 38. bxc5 Rb8 39. cxb6 Rxb6+ 40. Ka2 Qg8 41. Qa5 Qb8 42. Bd4 Bb5 43. cxb5 Rxd6 44. Bc5 Qc8 45. Bxd6 Qc4+ 46. Kb1 1-0

[Event "Titled Tuesday intern op 28th Dec"]
[Site "Chess.com INT"]
[Date "2021.12.28"]
[Round "9"]
[White "Adewumi, Tanitoluwa"]
[Black "Liu, Leonardo"]
[Result "1/2-1/2"]
[WhiteElo "2136"]
[BlackElo "1767"]
[PlyCount "24"]
[EventDate "2021.12.28"]
[EventType "swiss (blitz)"]
[EventRounds "11"]
[EventCountry "USA"]
[SourceTitle "CBM 206 Extra"]
[Source "ChessBase"]
[SourceDate "2022.03.31"]
[SourceVersion "1"]
[SourceVersionDate "2022.03.31"]
[SourceQuality "1"]

1. e4 c5 2. Nf3 g6 3. d4 cxd4 4. Nxd4 Bg7 5. c4 Nc6 6. Nc2 d6 7. Nc3 Bd7 8. f3 Rc8 9. Be2 Ne5 10. O-O Nxc4 11. Bxc4 Rxc4 12. Be3 Nf6 1/2-1/2

[Event "Titled Tuesday intern op 28th Dec"]
[Site "Chess.com INT"]
[Date "2021.12.28"]
[Round "9"]
[White "Agasarov, Benik"]
[Black "Khripachenko, Alexander"]
[Result "0-1"]
[WhiteElo "2205"]
[BlackElo "2288"]
[PlyCount "78"]
[EventDate "2021.12.28"]
[EventType "swiss (blitz)"]
[EventRounds "11"]
[EventCountry "USA"]
[SourceTitle "CBM 206 Extra"]
[Source "ChessBase"]
[SourceDate "2022.03.31"]
[SourceVersion "1"]
[SourceVersionDate "2022.03.31"]
[SourceQuality "1"]

1. e4 c5 2. Nf3 Nf6 3. e5 Nd5 4. Nc3 e6 5. Nxd5 exd5 6. d4 Nc6 7. dxc5 Bxc5 8. Qxd5 Qb6 9. Bc4 Bxf2+ 10. Kf1 O-O 11. Ng5 Qd4 12. Nxf7 Qxd5 13. Bxd5 Bb6 14. Bf4 Rxf7 15. Bxf7+ Kxf7 16. Rd1 Bc5 17. c3 b6 18. b4 Be7 19. Kf2 Ke6 20. g3 Bb7 21. Rhe1 g5 22. Be3 Rf8+ 23. Kg1 Nxe5 24. Bd4 d6 25. Re3 g4 26. Rde1 Rf5 27. c4 Bg5 28. R3e2 Bf3 29. Rc2 Kd7 30. c5 Nc6 31. Bc3 bxc5 32. b5 Nd4 33. Bxd4 cxd4 34. h3 h5 35. Rc4 Be3+ 36. Kh2 Rxb5 37. hxg4 Rb2+ 38. Kh3 hxg4+ 39. Kh4 Rh2# 0-1

[Event "Titled Tuesday intern op 28th Dec"]
[Site "Chess.com INT"]
[Date "2021.12.28"]
[Round "9"]
[White "Aldokhin, Ivan"]
[Black "Mayaud, Raphael"]
[Result "0-1"]
[WhiteElo "2413"]
[BlackElo "2216"]
[PlyCount "52"]
[EventDate "2021.12.28"]
[EventType "swiss (blitz)"]
[EventRounds "11"]
[EventCountry "USA"]
[SourceTitle "CBM 206 Extra"]
[Source "ChessBase"]
[SourceDate "2022.03.31"]
[SourceVersion "1"]
[SourceVersionDate "2022.03.31"]
[SourceQuality "1"]

1. d4 Nf6 2. c4 c5 3. d5 b5 4. cxb5 a6 5. Nc3 axb5 6. e4 b4 7. Nb5 d6 8. Bf4 g5 9. Bxg5 Nxe4 10. Bf4 Nf6 11. Nf3 Bg7 12. Bd3 Bb7 13. Qe2 O-O 14. h4 Nxd5 15. Qe4 f5 16. Qe6+ Kh8 17. Bg5 Qd7 18. Qe2 e5 19. Bc4 Nb6 20. Rd1 Nxc4 21. Qxc4 d5 22. Qxc5 Rxa2 23. Qxb4 d4 24. Nxe5 Qd5 25. f4 Ba6 26. Nc7 Qe4+ 0-1

[Event "Titled Tuesday intern op 28th Dec"]
[Site "Chess.com INT"]
[Date "2021.12.28"]
[Round "9"]
[White "Baches Garcia, Guillermo"]
[Black "Sarkar, Justin"]
[Result "1-0"]
[WhiteElo "2329"]
[BlackElo "2321"]
[PlyCount "41"]
[EventDate "2021.12.28"]
[EventType "swiss (blitz)"]
[EventRounds "11"]
[EventCountry "USA"]
[SourceTitle "CBM 206 Extra"]
[Source "ChessBase"]
[SourceDate "2022.03.31"]
[SourceVersion "1"]
[SourceVersionDate "2022.03.31"]
[SourceQuality "1"]

1. e4 e5 2. Nf3 Nc6 3. Nc3 Nf6 4. d4 exd4 5. Nxd4 Bb4 6. Nxc6 bxc6 7. Bd3 d5 8. Bd2 O-O 9. O-O Bg4 10. Qc1 Bxc3 11. Bxc3 Nxe4 12. Bxe4 dxe4 13. Qf4 f5 14. Rfe1 Qd7 15. Re3 Rad8 16. h3 Bh5 17. Rg3 Rf7 18. Kh2 Qe6 19. Qh4 Rd1 20. Rxd1 Bxd1 21. Qd8+ 1-0

[Event "Titled Tuesday intern op 28th Dec"]
[Site "Chess.com INT"]
[Date "2021.12.28"]
[Round "9"]
[White "Ballester Llagaria, Luis Eduardo"]
[Black "Pert, Nicholas"]
[Result "0-1"]
[WhiteElo "2298"]
[BlackElo "2546"]
[PlyCount "92"]
[EventDate "2021.12.28"]
[EventType "swiss (blitz)"]
[EventRounds "11"]
[EventCountry "USA"]
[SourceTitle "CBM 206 Extra"]
[Source "ChessBase"]
[SourceDate "2022.03.31"]
[SourceVersion "1"]
[SourceVersionDate "2022.03.31"]
[SourceQuality "1"]

1. e4 e6 2. d4 d5 3. Nd2 c5 4. Ngf3 Nc6 5. c3 cxd4 6. cxd4 dxe4 7. Nxe4 Bb4+ 8. Nc3 Nf6 9. Bd3 O-O 10. O-O h6 11. Bc4 Ne7 12. Ne5 Bd7 13. a3 Bxc3 14. bxc3 Rc8 15. Qf3 Nf5 16. Qxb7 Nd6 17. Qa6 Nxc4 18. Nxc4 Rc6 19. Qa4 Qc7 20. Ne5 Rxc3 21. Nxd7 Qxd7 22. Qxd7 Nxd7 23. Be3 Nb6 24. d5 Nxd5 25. Bxa7 Ra8 26. Bd4 Rcxa3 27. Rxa3 Rxa3 28. g3 Rd3 29. Bc5 Nc3 30. Kg2 Kh7 31. Be3 Nd5 32. Bc5 g5 33. Rb1 Kg6 34. Rb8 Rc3 35. Bd4 Rc4 36. Ba7 h5 37. h3 h4 38. Rg8+ Kf5 39. Rg7 f6 40. Rg8 hxg3 41. fxg3 Ke4 42. h4 Rc7 43. Bb8 Ne3+ 44. Kh3 Rc1 45. Kh2 Kf3 46. g4 Nxg4+ 0-1